| 000 | 00813nam a2200253 a 4500 | ||
|---|---|---|---|
| 008 | |||
| 020 | _a0030733332 (hbk.) | ||
| 049 | _aMAIN | ||
| 090 |
_aQD33 _bREG |
||
| 100 | 1 | _aReger, Daniel L. | |
| 245 | 1 | 0 |
_aChemistry : _b principles & practice / _cDaniel L. Reger, Scott R. Goode [and] Edward E. Mercer ; illustrated by George V. Kelvin. |
| 260 |
_aFort Worth : _bSaunders College Pub., _cc1993. |
||
| 300 |
_axxxi, 952 [86] p. _b ill. (some col.) ; _c26 cm. |
||
| 490 | 0 | _aSaunders golden sunburst series | |
| 500 | _aIncludes index. | ||
| 650 | 0 | _aChemistry. | |
| 700 | 1 | _aGoode, Scott R. | |
| 700 | 1 | _aMercer, Edward E. | |
| 907 |
_a.b10343945 _b27-06-14 _c25-06-14 |
||
| 003 | |||
| 005 | 20230123122057.0 | ||
| 040 | _cNUST | ||
| 942 |
_cBOOKS _kQD33 _mREG |
||
| 999 |
_c127389 _d127389 |
||